01850cam a2200361 a 450000100100000000500170001000800410002701000150006802000150008304000230009804300120012105000210013324500760015425000110023026001050024130000210034649000880036750400410045550503280049665100550082465100360087965000570091565000260097265000280099870000320102670000270105871000590108571000470114483001350119191000340132695201110136099900170147100001284020200929163102.0020920s2002 mx b i000 0 spa  a2002488397 a9686384596 aDO-SdBNPcDLCdDLC an-mx---00aF1236b.F78 200200aFrontera y globalizacion /cLeopoldo Zea, Hernan Taboada, compiladores. a1. ed. aMexico, D.F. :bInstituto Panamericano de Geografia e Historia :bFondo de Cultura Economica,c2002. a167 p. ;c22 cm.1 aColeccion tierra firme. Latinoamerica en la globalizacion y el tercer mundo ;vt. 1 aIncludes bibliographical references.0 aLa frontera en la globalizacion / Leopoldo Zea -- Epistemologia del concepto frontera en el pensamiento latinoamericano / Alberto Saladino Garcia -- El discurso de la liminalidad y de la simultaneidad / Krystof Kulawik -- El proceso de la modernizacion y los cambios del modelo politico y economico de Mexico / Xu Shicheng. 0aMexicoxPolitics And Governmenty1988-2000.929693 0aMexicoxEconomic Policy.929694 0aSocial changezMexicoxHistoryy20th century.929695 0aGlobalization.929696 0aFrontier thesis.9296971 aZea, Leopoldo,d1912-936751 aTaboada, Hernan.936762 aPan American Institute of Geography and History.934492 aFondo de Cultura Economica (Mexico)921436 0aColeccion Tierra firme (Fondo de Cultura Economica (Mexico)).pLatinoamerica en la globalizacion y el tercer mundo ;vt. 1.929698 aCatalogación por copia / LC 001052708MOaGRbGRcCTd2009-11-17iLF1l0o p12840-10r2020-06-25w2020-06-25y2ZPréstamo interno c12488d12488